Central Library OPAC University of Rajshahi

The Code of Maimonides : (Record no. 46798)

MARC details
000 -LEADER
fixed length control field 00803nam a2200253 a 4500
001 - CONTROL NUMBER
control field 46798
003 - CONTROL NUMBER IDENTIFIER
rucl marc code BD-RjUL
005 - DATE AND TIME OF LATEST TRANSACTION
control field 20211209054215.0
008 - FIXED-LENGTH DATA ELEMENTS--GENERAL INFORMATION
fixed length control field 160804s1950 enk 001 0 eng d
035 ## - SYSTEM CONTROL NUMBER
System control number (BD-RjUL)46917
040 ## - CATALOGING SOURCE
Original cataloging agency ERL
Transcribing agency ERL
Modifying agency OCLCQ
-- ZCU
-- BD-RjUL
Language of cataloging eng
041 1# - LANGUAGE CODE
Language code of text/sound track or separate title eng
Language code of original heb
082 ## - DEWEY DECIMAL CLASSIFICATION NUMBER
Edition number 23
Classification number 347.2
Author mark and year COD 1950
245 04 - TITLE STATEMENT
Title The Code of Maimonides :
Remainder of title book nine the book of offerings /
Statement of responsibility, etc. translated from the Hebrew by Herbert Danby
260 ## - PUBLICATION, DISTRIBUTION, ETC. (IMPRINT)
Place of publication, distribution, etc. London :
Name of publisher, distributor, etc. Yale University Press,
Date of publication, distribution, etc. 1950
300 ## - PHYSICAL DESCRIPTION
Pagination xv, 236 p. ;
Size 22 cm.
490 1# - SERIES STATEMENT
Series statement Yale Judaica series ;
Volume/sequential designation v. 4
500 ## - GENERAL NOTE
General note Include index
650 #0 - SUBJECT ADDED ENTRY--TOPICAL TERM
Topical term or geographic name as entry element Jewish law.
9 (RLIN) 142150
Topical term or geographic name as entry element Property (Jewish law)
9 (RLIN) 142151
700 1# - ADDED ENTRY--PERSONAL NAME
Personal name Danby, Herbert
830 #0 - SERIES ADDED ENTRY--UNIFORM TITLE
Uniform title Yale Judaica series ;
Volume number/sequential designation v. 4
942 ## - ADDED ENTRY ELEMENTS (KOHA)
Source of classification or shelving scheme Dewey Decimal Classification
Koha item type Books
Holdings
Lost status Source of classification or shelving scheme Damaged status Not for loan Collection code Permanent Location Current Location Shelving location Date acquired Source of acquisition Cost, normal purchase price Total Checkouts Full call number Date last seen Copy number Koha item type
  Dewey Decimal Classification     Non-fiction Central Library, University of Rajshahi Central Library, University of Rajshahi   21/07/1955 O.U.P 20.00   347.2 COD 1950 04/08/2016 C-2 Books